| 000 | 01607nam a22002417a 4500 | ||
|---|---|---|---|
| 999 |
_c58471 _d58471 |
||
| 003 | Ge_BSU | ||
| 005 | 20220324124043.0 | ||
| 008 | 220324s2021 ge ||||| |||| 00| 0 geo d | ||
| 020 | _a9789941974632 | ||
| 041 | _ageo | ||
| 080 | _a726:27.523.4(=353.1)(560) ტ-26 | ||
| 245 |
_aტაო-კლარჯეთის ძეგლების 2019 წლის საკვლევი ექსპედიციების ანგარიშები / _c[ავტორთა ჯგუფი: თ. ხუციშვილი, ბ. გოზალიშვილი, ა. იმედაშვილი, შ. კოღუაშვილი [და სხვა]]. |
||
| 264 |
_aთბილისი : _bკავკასიის უნივერსიტეტის გამომცემლობა, _c2021. |
||
| 300 |
_a136 გვ. : _b ფოტ. ; _c29 სმ. |
||
| 500 | _aიბეჭდება საქართველოს კულტურისა და ტურისტული რესურსების კვლევის ცენტრის დაფინანსებით. | ||
| 504 | _aბიბლიოგრაფია: გვ. 133. | ||
| 653 | _aტაო-კლარჯეთის ძეგლები | ||
| 700 |
_aხუციშვილი, თეიმურაზ _eავტორი _95232 |
||
| 700 |
_aგოზალიშვილი, ბებურ _eავტორი _95233 |
||
| 700 |
_aიმედაშვილი, ანა _eავტორი _95234 |
||
| 773 | _tნაჩუქარი | ||
| 942 |
_2udc _cBK |
||